Jesień narodów i jej konsekwencje
| Titel: | Jesień narodów i jej konsekwencje / Radosław Zenderowski, Jakub Pieńkowski |
|---|---|
| Verfasser: | ; |
| Veröffentlicht: | Warszawa : Wydawnictwo Naukowe UKSW, 2016 |
| Umfang: | 197 Seiten : Karten |
| Format: | Buch |
| Sprache: | Polnisch |
| Schriftenreihe/ mehrbändiges Werk: |
Kwestie narodowościowe w Europie Środkowo-Wschodniej / Radosław Zenderowski ; Jakub Pieńkowski ; tom 3 alle Bände anzeigen
|
| ISBN: | 9788380901667 |
| Hinweise zum Inhalt: |
Inhaltsverzeichnis
|
alg: 39657995 001A $03004:14-12-16 001B $03025:24-03-26 $t12:02:57.000 001C $03004:14-12-16 $t07:44:53.000 001D $03004:14-12-16 001U $0utf8 001X $00 002@ $0AFu 002C $aText $btxt $2rdacontent 002D $aohne Hilfsmittel zu benutzen $bn $2rdamedia 002E $aBand $bnc $2rdacarrier 003@ $0396579957 003O $0965871719 $aOCoLC 004A $A978-83-8090-166-7 007A $0396579957 $aHEB 007G $0DE020111476256B3A2244C125808A004498D9 009P $qapplication/pdf $A2 $3Inhaltsverzeichnis $uhttp://scans.hebis.de/HEBCGI/show.pl?39657995_toc.pdf $mV:DE-603;B:DE-Mb50 010@ $apol 010E $erda 011@ $a2016 021A $aJesień narodów i jej konsekwencje $hRadosław Zenderowski, Jakub Pieńkowski 028A $BVerfasser $4aut $7 $8Zenderowski, Radosław [Tnu] $9197419542 028C $BVerfasser $4aut $7 $8Pieńkowski, Jakub [Tnx] $9349144915 033A $pWarszawa $nWydawnictwo Naukowe UKSW 034D $a197 Seiten 034M $aKarten 036C $aKwestie narodowościowe w Europie Środkowo-Wschodniej $x13 $hRadosław Zenderowski ; Jakub Pieńkowski $ltom 3 036D $x13 $8Kwestie narodowościowe w Europie Środkowo-Wschodniej / Radosław Zenderowski ; Jakub Pieńkowski $9349144923 037A $aLiteraturverzeichnis Seite 189-195 044K $RRevolution $#Germany History Revolution, 1848-1849 $#Allemagne 1848-1849 (Révolution) $#Alemania Historia 1848-1849 (Revolución) $#bürgerliche Revolution $#Achtzehnhundertachtundvierzig $#Februarrevolution 1848 $#Märzrevolution 1848 $74049688-0 $8Revolution$g1848 [Ts1] $9085138487 044K $RBiedermeier $RJunges Deutschland $#Vormärz $#Vormärz $74063986-1 $8Vormärz [Ts1] $9085179396 045F $a305.800947 $eDDC23BSB 045F/01 $a305.8009 045F/03 $g47 045F/03 $g437 045G $a300.947 $eDDC23BSB 045G/01 $a300 045G/03 $g47 045G/03 $g437 045H $a306.0947 $eDDC23BSB 045H/01 $a306.09 045H/03 $g47 045H/03 $g437 lok: 39657995 24 101B $014-12-16 $t08:14:35.000 101C $014-12-16 101U $0utf8 145Z/01 $a31 3 C 145Z/02 $a31 3 E 145Z/03 $a31 15 L exp: 39657995 24 1 #EPN 201B/01 $014-12-16 $t07:44:53.000 201C/01 $014-12-16 201U/01 $0utf8 203@/01 $0796650624 208@/01 $a14-12-16 $bz 209A/01 $a16.08541 $du $f050 $h16 08541 $x00 209C/01 $a16.08541 K $h16 08541 K 209G/01 $a73793521 $x00 220C/01 $aho-sz 247C/01 $8358050-7Marburg, Bibliothek des Herder-Instituts Marburg $9102600961 lok: 39657995 78 exp: 39657995 78 1 #EPN 201B/01 $024-03-26 $t12:02:23.000 201C/01 $024-03-26 201U/01 $0utf8 203@/01 $01339016125 208@/01 $a24-03-26 $be 209A/01 $a/ $f000 $x00 209A/01 $ab*p $x01 220C/01 $apgar 244Z/01 $#Ostmitteleuropa $#Ostmitteleuropa $#Mitteleuropa, Ost $#Central Europe Ostmitteleuropa $#Mittelosteuropa $74075753-5 $8--Tg1--Ostmitteleuropa $x05 $9085214485 247C/01 $82080>Marburg/Lahn, Herder-Institut, Forschungsbibliothek, Bibliographieportal $9336309341
| LEADER | 00000cam a2200000 cb4500 | ||
|---|---|---|---|
| 001 | 396579957 | ||
| 003 | DE-603 | ||
| 005 | 20260324120257.0 | ||
| 007 | tu | ||
| 008 | 161214s2016 xx |||| | u00||u|pol c | ||
| 020 | |a 9788380901667 | ||
| 035 | |a (DE-599)HEB396579957 | ||
| 035 | |a (OCoLC)965871719 | ||
| 040 | |a DE-603 |b ger |c DE-603 |d DE-603 |e rda | ||
| 041 | |a pol | ||
| 082 | 0 | 4 | |8 1\u |a 305.800947 |q DE-101 |2 23/BSB |
| 083 | 0 | |8 2\u |a 300.947 |q DE-101 |2 23/BSB | |
| 083 | 0 | |8 3\u |a 306.0947 |q DE-101 |2 23/BSB | |
| 085 | |8 1\u |b 305.8009 | ||
| 085 | |8 1\u |z 2 |s 47 | ||
| 085 | |8 1\u |z 2 |s 437 | ||
| 085 | |8 2\u |b 300 | ||
| 085 | |8 2\u |z 2 |s 47 | ||
| 085 | |8 2\u |z 2 |s 437 | ||
| 085 | |8 3\u |b 306.09 | ||
| 085 | |8 3\u |z 2 |s 47 | ||
| 085 | |8 3\u |z 2 |s 437 | ||
| 100 | 1 | |a Zenderowski, Radosław |e Verfasser |4 aut |0 (DE-603)197419542 | |
| 245 | 0 | 0 | |a Jesień narodów i jej konsekwencje |c Radosław Zenderowski, Jakub Pieńkowski |
| 264 | 1 | |a Warszawa |b Wydawnictwo Naukowe UKSW |c 2016 | |
| 300 | |a 197 Seiten |b Karten | ||
| 336 | |a Text |b txt |2 rdacontent | ||
| 337 | |a ohne Hilfsmittel zu benutzen |b n |2 rdamedia | ||
| 338 | |a Band |b nc |2 rdacarrier | ||
| 490 | 1 | |a Kwestie narodowościowe w Europie Środkowo-Wschodniej / Radosław Zenderowski ; Jakub Pieńkowski |v tom 3 | |
| 500 | |a Literaturverzeichnis Seite 189-195 | ||
| 650 | 7 | |a Revolution |g 1848 |0 (DE-588)4049688-0 |0 (DE-603)085138487 |2 gnd | |
| 650 | 7 | |a Vormärz |0 (DE-588)4063986-1 |0 (DE-603)085179396 |2 gnd | |
| 700 | 1 | |a Pieńkowski, Jakub |e Verfasser |4 aut |0 (DE-603)349144915 | |
| 800 | 1 | |a Zenderowski, Radosław |t Kwestie narodowościowe w Europie Środkowo-Wschodniej |v tom 3 |w (DE-603)349144923 |9 13 |7 am | |
| 856 | 4 | 2 | |m V:DE-603;B:DE-Mb50 |q application/pdf |u http://scans.hebis.de/HEBCGI/show.pl?39657995_toc.pdf |3 Inhaltsverzeichnis |
| 924 | 0 | |9 Mb 50 |a (DE-603)796650624 |b DE-Mb50 |c HES |d c |g 16.08541 | |
| 924 | 0 | |9 2080 |a (DE-603)1339016125 |b DE-2080 |c HES |d d |g / | |
alle Bände anzeigen

